Use of the Spiritual Development Framework in Conducting Spirituality and Health Research with Adolescents
Spirituality is considered a universal phenomenon, but research addressing the spiritual needs of adolescents in the context of health and illness is limited. The aim of this article is to provide a description of how the spiritual development framework (SDF) was used in conducting research with ado...
| Authors: | ; ; ; ; |
|---|---|
| Format: | Electronic Article |
| Language: | English |
| Check availability: | HBZ Gateway |
| Interlibrary Loan: | Interlibrary Loan for the Fachinformationsdienste (Specialized Information Services in Germany) |
| Published: |
[2019]
|
| In: |
Journal of religion and health
Year: 2019, Volume: 58, Issue: 4, Pages: 1259-1271 |
| Further subjects: | B
Spirituality
B Theory B Chronic Illness B Adolescents |
| Online Access: |
Volltext (Resolving-System) |
MARC
| LEADER | 00000caa a22000002c 4500 | ||
|---|---|---|---|
| 001 | 1670204758 | ||
| 003 | DE-627 | ||
| 005 | 20230427055710.0 | ||
| 007 | cr uuu---uuuuu | ||
| 008 | 190729s2019 xx |||||o 00| ||eng c | ||
| 024 | 7 | |a 10.1007/s10943-018-00752-z |2 doi | |
| 035 | |a (DE-627)1670204758 | ||
| 035 | |a (DE-599)KXP1670204758 | ||
| 040 | |a DE-627 |b ger |c DE-627 |e rda | ||
| 041 | |a eng | ||
| 084 | |a 0 |2 ssgn | ||
| 100 | 1 | |a Clayton-Jones, Dora |e VerfasserIn |4 aut | |
| 245 | 1 | 0 | |a Use of the Spiritual Development Framework in Conducting Spirituality and Health Research with Adolescents |c Dora Clayton-Jones |
| 264 | 1 | |c [2019] | |
| 336 | |a Text |b txt |2 rdacontent | ||
| 337 | |a Computermedien |b c |2 rdamedia | ||
| 338 | |a Online-Ressource |b cr |2 rdacarrier | ||
| 520 | |a Spirituality is considered a universal phenomenon, but research addressing the spiritual needs of adolescents in the context of health and illness is limited. The aim of this article is to provide a description of how the spiritual development framework (SDF) was used in conducting research with adolescents. An exemplar of a qualitative descriptive study is provided to demonstrate applicability of the SDF. The SDF was used as a guiding theoretical framework in conducting research with adolescents living with sickle cell disease. The SDF is culturally applicable and methodologically appropriate. Additional research applying the SDF is warranted. | ||
| 601 | |a Spiritual | ||
| 650 | 4 | |a Adolescents | |
| 650 | 4 | |a Chronic Illness | |
| 650 | 4 | |a Spirituality | |
| 650 | 4 | |a Theory | |
| 700 | 1 | |e VerfasserIn |0 (DE-588)130071935 |0 (DE-627)48961700X |0 (DE-576)175163626 |4 aut |a Koenig, Harold G. |d 1951- | |
| 700 | 1 | |a Dalmida, Safiya George |e VerfasserIn |4 aut | |
| 700 | 1 | |a Haglund, Kristin A. |e VerfasserIn |4 aut | |
| 700 | 1 | |e VerfasserIn |0 (DE-588)138720355 |0 (DE-627)703082485 |0 (DE-576)308811615 |4 aut |a Schaefer, Jame | |
| 773 | 0 | 8 | |i Enthalten in |t Journal of religion and health |d New York, NY [u.a.] : Springer Science + Business Media B.V., 1961 |g 58(2019), 4, Seite 1259-1271 |h Online-Ressource |w (DE-627)320578089 |w (DE-600)2017250-3 |w (DE-576)121466191 |x 1573-6571 |7 nnas |
| 773 | 1 | 8 | |g volume:58 |g year:2019 |g number:4 |g pages:1259-1271 |
| 856 | 4 | 0 | |u https://doi.org/10.1007/s10943-018-00752-z |x Resolving-System |3 Volltext |7 1 |
| 951 | |a AR | ||
| ELC | |a 1 | ||
| ITA | |a 1 |t 1 | ||
| LOK | |0 000 xxxxxcx a22 zn 4500 | ||
| LOK | |0 001 3499694395 | ||
| LOK | |0 003 DE-627 | ||
| LOK | |0 004 1670204758 | ||
| LOK | |0 005 20190729160847 | ||
| LOK | |0 008 190729||||||||||||||||ger||||||| | ||
| LOK | |0 040 |a DE-Tue135 |c DE-627 |d DE-Tue135 | ||
| LOK | |0 092 |o n | ||
| LOK | |0 852 |a DE-Tue135 | ||
| LOK | |0 852 1 |9 00 | ||
| LOK | |0 935 |a ixzs |a ixzo | ||
| LOK | |0 939 |a 29-07-19 |b l01 | ||
| ORI | |a SA-MARC-ixtheoa001.raw | ||
| REL | |a 1 | ||
| SUB | |a REL | ||



